| 000 | 00628nam a22001937a 4500 | ||
|---|---|---|---|
| 003 | OSt | ||
| 005 | 20250822013458.0 | ||
| 008 | 250822b |||||||| |||| 00| 0 eng d | ||
| 020 | _a0-8118-2071-8. | ||
| 040 |
_aDWC-Main Lib. _cOC |
||
| 082 | _aCirc. | ||
| 100 | _aGOLDSTEIN, SID | ||
| 245 |
_aThe wine lover's cookbook : _bgreat recipes for the perfect glass of wine/ _cGOLDSTEIN, SID |
||
| 260 |
_aSan Francisco : _bChronicle Books, _cc1999. |
||
| 300 |
_a224 pages : _bcolor illustrations ; _c23cm. |
||
| 504 | _aIncludes bibliography and index. | ||
| 650 | _a1. Cooking. 2. Wine | ||
| 942 |
_2ddc _cBK-CIRC _hCirc. _n0 |
||
| 999 |
_c4130 _d4130 |
||